000 01606cam a22003131ia4500
003 SA-RiAUC
005 20241021075239.0
008 241020s1989 su f b 00000dara c
040 _aSA-RiAUC
_bara
_cSA-RiAUC
_erda
050 4 _b.I26 1989
050 4 _b.I26 1989
082 0 4 _a234.8
_qSA-RiAUC
090 _a234.8
_bا ب ن ح
100 1 _aابن حجر العسقلاني، أحمد بن علي بن محمد،
_d773-852 هجري
_eمؤلف.
245 1 0 _aنزهة الألباب في الألقاب /
_cتأليف أحمد بن علي بن محمد ؛ تحقيق عبد العزيز بن محمد صالح السديري.
250 _aالطبعة الأولى.
264 1 _aالرياض :
_bمكتبة الرشد،
_c1989
300 _a2 مجلد (456 ؛ 500 صفحة) ؛
_c24 سم
336 _aنص
_btxt
_2rdacontent
_3كتاب
337 _aبدون وسيط
_bn
_2rdamedia
338 _aمجلد
_bnc
_2rdacarrier
500 _aالأصل أطروحة ماجستير-جامعة الإمام محمد بن سعود الإسلامية.
504 _aببليوجرافية : مجلد 2، صفحة 473-497.
650 7 _aالأسماء والكنى والألقاب والأنساب في الحديث
_2aucsh
700 1 2 _iتحقيق لـ (عمل) :
_aابن حجر العسقلاني، أحمد بن علي بن محمد،
_d773-852 هجري
_tنزهة الألباب في الألقاب
700 1 _aالسديري، عبد العزيز بن محمد صالح،
_d1373 هجري-
_eمحقق.
942 _2ddc
_cBOOK
_n0
949 _aSA-JeALM
_d241020
_umohamedma123
_n1
999 _c1540
_d1540